|
|
|
|
| LEADER |
00842nam a22002417a 4500 |
| 001 |
AAL7772 |
| 003 |
BD-DhAAL |
| 005 |
20160327124305.0 |
| 008 |
160327m19941993enk||||| |||| 00| 0 eng d |
| 020 |
|
|
|a 0747244324
|
| 040 |
|
|
|a BD-DhAAL
|c BD-DhAAL
|
| 082 |
|
|
|a 823/.914
|
| 100 |
|
|
|a Doherty, P. C.
|9 18815
|
| 245 |
|
|
|a The song of a dark angel /
|c P. C. Doherty
|
| 260 |
|
|
|a London :
|b Headline,
|c 1994
|
| 300 |
|
|
|a 249 p. ;
|c 18 cm.
|
| 541 |
|
|
|e 7772
|
| 650 |
|
|
|a Corbett, Hugh (Fictitious character)
|v Fiction.
|9 18816
|
| 650 |
|
|
|a Courts and courtiers
|v Fiction.
|9 18817
|
| 852 |
|
|
|a Savar Campus Library
|c General Shelf
|
| 942 |
|
|
|2 ddc
|c BK
|
| 999 |
|
|
|c 37233
|d 37233
|
| 952 |
|
|
|0 0
|1 0
|2 ddc
|4 0
|6 823_000000000000000__914_DOH
|7 0
|9 58525
|a SCL
|b SCL
|c GEN
|d 2016-03-27
|e Gift:
|l 12
|m 52
|o 823.914 DOH
|p 3020007772
|r 2022-12-10
|s 2022-11-16
|t 1
|w 2016-03-27
|y BK
|